| 000 | 00458pab a2200145 454500 | ||
|---|---|---|---|
| 008 | 180718b2002 xxu||||| |||| 00| 0 eng d | ||
| 100 | _aDominey-Howes, Dale | ||
| 245 | _aDocumentary and geological records of Tsunamis in the Aegean sea region of Greece and their potential value to risk assessment and disaster management | ||
| 260 | _c2002 | ||
| 300 | _ap.195-224. | ||
| 362 | _aMar | ||
| 650 | _aDisasters | ||
| 773 | _aNatural Hazards | ||
| 909 | _a53562 | ||
| 999 |
_c53562 _d53562 |
||